书目信息 |
| 题名: |
工程测量
|
|
| 作者: | 高珊 , 张玉龙 , 霍如桃 主编 | |
| 分册: | ||
| 出版信息: | 成都 西南交通大学出版社 2019.07 |
|
| 页数: | 331页 | |
| 开本: | 26cm | |
| 丛书名: | ||
| 单 册: | ||
| 中图分类: | TB22 | |
| 科图分类: | ||
| 主题词: | 工程测量--gong cheng ce liang--职业教育--教材 | |
| 电子资源: | ||
| ISBN: | 978-7-5643-6997-2 | |
| 000 | 01049nam0 2200277 450 | |
| 001 | 202020140338 | |
| 005 | 20200926181352.0 | |
| 010 | @a978-7-5643-6997-2@dCNY60.00 | |
| 100 | @a20200918d2019 em y0chiy50 ea | |
| 101 | 0 | @achi |
| 102 | @aCN@b510000 | |
| 105 | @aa a 000yy | |
| 106 | @ar | |
| 200 | 1 | @a工程测量@Agong cheng ce liang@f主编高珊, 张玉龙, 霍如桃 |
| 210 | @a成都@c西南交通大学出版社@d2019.07 | |
| 215 | @a331页@c图@d26cm | |
| 320 | @a有书目 (第331页) | |
| 330 | @a本书根据职业教育技能要求, 涵盖的12个主要内容 (水准测量、角度测量、距离测量、误差、平面控制测量、地形测量、测设的基本工作、线路测量、桥梁施工测量、隧道施工测量、高速铁路施工测量、建筑工程测量), 均以项目形式展开。 | |
| 333 | @a职业技术教育技能型人才培养“十三五”规划教材 RAYS全媒体教材 | |
| 606 | 0 | @a工程测量@Agong cheng ce liang@x职业教育@j教材 |
| 690 | @aTB22@v5 | |
| 701 | 0 | @a高珊@Agao shan@4主编 |
| 701 | 0 | @a张玉龙@Azhang yu long@4主编 |
| 701 | 0 | @a霍如桃@Ahuo ru tao@4主编 |
| 801 | 0 | @aCN@c20190912 |
| 905 | @a河南城建学院图书馆@dTB22@eG175:1 | |
| 工程测量/主编高珊, 张玉龙, 霍如桃.-成都:西南交通大学出版社,2019.07 |
| 331页:图;26cm |
| 使用对象:职业技术教育技能型人才培养“十三五”规划教材 RAYS全媒体教材 |
| ISBN 978-7-5643-6997-2:CNY60.00 |
| 本书根据职业教育技能要求, 涵盖的12个主要内容 (水准测量、角度测量、距离测量、误差、平面控制测量、地形测量、测设的基本工作、线路测量、桥梁施工测量、隧道施工测量、高速铁路施工测量、建筑工程测量), 均以项目形式展开。 |
| ● |
| 相关链接 |
|
|
|
正题名:工程测量
索取号:TB22/G175:1
 
预约/预借
| 序号 | 登录号 | 条形码 | 馆藏地/架位号 | 状态 | 备注 |
| 1 | 1490562 | 214905628 | 自科库501/501自科库 5排2列2层/ [索取号:TB22/G175:1] | 在馆 |